LEADER 01147nam a2200229 i 4500 001 000000238502 003 CaOOAMICUS 005 20150130000000.0 008 150130n it u000 u ita u 013 $a217407 026 $atot- moe- tao- some (3) 0000 (Q) 040 $aSeMil$bita 245 10$aConcilio nazionale di Francia celebratosi in Parigi nel 1797 (v.s.) traduzione dal francese. 260 $aIn Vercelli :$bDalle stampe di Felice Ceretti,$c[dopo il 1797] 300 $a[2], XXXVII, [1], 238 p. ;$c12º. 500 $aSul front. : Si vende soldi cinquanta. - Segn. : pg2(-pg2) A-K12 L18. - Vignetta xilogr. sul front. 700 1 $aCeretti, Felice .$0(OLS)http://semarc/name/71964 710 2 $aConcilio nazionale di Francia <1797 ; Parigi>.$0(OLS)http://semarc/name/81247 850 $aSeMil 852 $aSeMil$W1$xVenegono$y1$m3D I 23 FA$j188848$B188848$CSeMilBibl$Z2$F199560 $8I 996 $6245$aConcilio nazionale di Francia celebratosi in Parigi nel 1797 (v.s.) traduzione dal francese$9(OLS)http://semarc/title/339887 996 $6260$aIn Vercelli :$bDalle stampe di Felice Ceretti$9(OLS)http://semarc/publisher/54369 LEADER 00981nam a2200217 i 4500 001 000000087904 003 CaOOAMICUS 005 20180830150026.0 008 180830s1935 xx u000 u und u 013 $a60144 040 $aSeMil$bita 245 13$aDe causalitate sacramentorum seu de modo explicandi efficientiam sacra mentorum novae legis. 260 $aLuogo non identificato :$bUniversità Gregoriana,$c1935. 300 $a126 p. 650 4$aTeologia.$0(OLS)http://semarc/subject/27 650 4$aTeologia sacramentaria.$0(OLS)http://semarc/subject/749 700 1 $aGierens, Michael .$0(OLS)http://semarc/name/10017 850 $aSeMil 852 $aSeMil$W1$xVenegono$y1$m114 12 16 *$j51313$B51313$CSeMilBibl$Z2$F55503 $81 996 $6245$aDe causalitate sacramentorum seu de modo explicandi efficientiam sacra mentorum novae legis$9(OLS)http://semarc/title/133897 996 $6260$aLuogo non identificato :$bUniversità Gregoriana$9(OLS)http://semarc/publisher/43504